Procesos del pensamiento
Gorde:
| Egile nagusia: | |
|---|---|
| Formatua: | Liburua |
| Hizkuntza: | gaztelania |
| Argitaratua: |
Ciudad de México
Trillas
1973
|
| Saila: | Temas de Psicología, 8
|
| Gaiak: | |
| Etiketak: |
Etiketa erantsi
Etiketarik gabe, Izan zaitez lehena erregistro honi etiketa jartzen!
|
MARC
| LEADER | 00000nam a2200000 a 4500 | ||
|---|---|---|---|
| 001 | UCW9882 | ||
| 003 | CL-VaPUC | ||
| 008 | 890704e19730000MX |||||||||||||||||spa|d | ||
| 082 | 0 | 4 | |a 153.42 |b COH |2 21 |
| 100 | 0 | |a Cohen, Jozef |e author |9 315337 | |
| 245 | 1 | 0 | |a Procesos del pensamiento |
| 300 | |a 100 p | ||
| 942 | |c BK | ||
| 945 | |d 19890704 00:00:00 | ||
| 260 | |a Ciudad de México |b Trillas |c 1973 | ||
| 650 | 0 | |a Pensamiento |9 307612 | |
| 650 | 0 | |a Psicología |9 257863 | |
| 650 | 0 | |a Razonamiento |9 256520 | |
| 583 | |a last modification |c 20120618 12:08:24 |k Rodrigo Vera | ||
| 490 | 0 | |a Temas de Psicología, 8 | |
| 999 | |c 221732 |d 221730 | ||
| 952 | |0 0 |1 0 |4 0 |6 153_420000000000000_COH_1973 |7 0 |8 A |9 215515 |a BIBGIM |b BIBGIM |d 2019-11-15 |i 2839318 |o 153.42 COH 1973 |p 2839318 |r 2025-01-15 |w 2019-11-15 |y BK |k SSL | ||